000 00296nam a2200121Ia 4500
008 191201s2008 xx 000 0 und d
100 _aBHATT, Sudhindra
245 0 _aSecurity Analysis and Portfolio Management
260 _bExcel Books
_c2008
300 _a682
650 _aMBA
942 _2ddc
_cBK
999 _c3487
_d3487